[Event "80th Tata Steel Challengers 2018"]
[Site "Wijk aan Zee"]
[Date "2018.01.23"]
[Round "9"]
[White "Van Foreest, Lucas"]
[Black "Gordievsky, Dmitry"]
[Result "0-1"]
[WhiteElo "2481"]
[BlackElo "2622"]
[Annotator "TA"]
[PlyCount "154"]
[EventDate "2018.??.??"]
[EventType "tourn"]
[EventCountry "NED"]
[SourceTitle "playchess.com"]
[Source "ChessBase"]
[SourceQuality "1"]

1. e4 c5 2. Nf3 e6 3. d4 cxd4 4. Nxd4 a6 5. c4 Nf6 6. Nc3 Bb4 7. Qd3 d6 8. Nc2 Bxc3+ 9. Qxc3 e5 10. Bd3 Nc6 11. O-O O-O 12. b3 Be6 13. f3 Rc8 14. a4 a5 15. Be3 Nd7 16. Rad1 Nc5 17. Rf2 Qb6 18. Rb1 f6 19. Rd2 Rfd8 20. Na3 Rd7 21. Bc2 Rcd8 22. Nb5 Nb4 23. Bf2 Qc6 24. Rbd1 b6 25. Bb1 Bf7 26. Qe3 Bg6 27. Na3 Nba6 28. Nb5 Nc7 29. Nxc7 Qxc7 30. Bc2 Qc6 31. Rb1 Bf7 32. Qe2 Na6 33. Be3 Nc5 34. Qf2 Rb7 35. Kh1 Rbd7 36. Rg1 Be6 37. Qh4 Rf8 38. Rgd1 Rfd8 39. Rd5 Qc7 40. R5d2 Qc6 41. Qg3 Bf7 42. Kg1 Bg6 43. h4 Bf7 44. Qh3 Be6 45. Qh2 Rf8 46. h5 h6 47. g4 Rfd8 48. Qf2 Kh8 49. Re2 Kg8 50. Kh2 Ra8 51. Qg2 Kh8 52. Bc1 Rad8 53. Be3 Ra7 54. f4 exf4 55. Bxf4 Qc8 56. Kh3 Rad7 57. Red2 Qc6 58. Qf3 f5 59. Qe3 fxg4+ 60. Kg3 Rf8 61. Rxd6 Rxd6 62. Rxd6 Qe8 63. Rxb6 Qxh5 64. Rb8 Bc8 65. Kg2 g3 66. Kxg3 Qh3+ 67. Kf2 Qh2+ 68. Ke1 Qxc2 69. Qxc5 Qc3+ 70. Ke2 Qc2+ 71. Ke1 Qxe4+ 72. Qe3 Qh1+ 73. Ke2 Rd8 74. Kf2 Rd1 75. Rxc8+ Kh7 76. Qc3 Qf1+ 77. Ke3 Qh3+ 0-1

[Event "81st Tata Steel Tienkamp 2019"]
[Site "Wijk aan Zee"]
[Date "2019.01.27"]
[Round "9"]
[White "Vrolijk, Liam"]
[Black "Mamedjarova, Zeinab"]
[Result "1-0"]
[WhiteElo "2433"]
[BlackElo "2311"]
[Annotator "TA"]
[PlyCount "99"]
[EventDate "2019.01.12"]
[EventType "tourn"]
[EventCountry "NED"]
[SourceTitle "playchess.com"]
[Source "ChessBase"]
[SourceQuality "1"]

1. d4 f5 2. g3 g6 3. Bg2 Nf6 4. Nf3 Bg7 5. O-O O-O 6. b3 d6 7. Bb2 c6 8. Nbd2 Na6 9. Ne1 Nc7 10. Nd3 Qe8 11. e3 Bd7 12. Qe2 Ng4 13. e4 fxe4 14. Nxe4 Nb5 15. h3 Nh6 16. c3 Rd8 17. Rae1 Nc7 18. g4 b6 19. f4 c5 20. d5 Nf7 21. c4 b5 22. Bxg7 Kxg7 23. Qb2+ Kg8 24. Nf6+ exf6 25. Rxe8 Nxe8 26. Re1 a6 27. Re7 Bc8 28. Nf2 f5 29. Bf1 b4 30. Bd3 Ng7 31. a3 a5 32. Ra7 Rde8 33. Rxa5 bxa3 34. Rxa3 g5 35. gxf5 gxf4 36. Ng4 Ne5 37. Ra7 Bxf5 38. Nxe5 Rxe5 39. Qg2 Rf7 40. Ra8+ Rf8 41. Rxf8+ Kxf8 42. Bxf5 Rxf5 43. Qe4 f3 44. Kf2 Rf7 45. Qxh7 Nf5 46. Qh8+ Ke7 47. Kxf3 Nd4+ 48. Ke4 Nxb3 49. Qb8 Nd2+ 50. Kd3 1-0

[Event "81st Tata Steel Tienkamp 2019"]
[Site "Wijk aan Zee"]
[Date "2019.01.27"]
[Round "9"]
[White "Rapport, Jovana"]
[Black "Warmerdam, Max"]
[Result "1/2-1/2"]
[WhiteElo "2375"]
[BlackElo "2440"]
[Annotator "TA"]
[PlyCount "26"]
[EventDate "2019.01.12"]
[EventType "tourn"]
[EventCountry "NED"]
[SourceTitle "playchess.com"]
[Source "ChessBase"]
[SourceQuality "1"]

1. d4 Nf6 2. Nf3 g6 3. g3 Bg7 4. Bg2 c5 5. dxc5 Qa5+ 6. Qd2 Qxc5 7. Qc3 Qxc3+ 8. Nxc3 O-O 9. Bd2 Nc6 10. O-O-O d6 11. h3 h6 12. Kb1 Be6 13. e3 d5 1/2-1/2

[Event "83rd Tata Steel Masters 2021"]
[Site "Wijk aan Zee"]
[Date "2021.01.26"]
[Round "9.1"]
[White "Carlsen, Magnus"]
[Black "Grandelius, Nils"]
[Result "1-0"]
[WhiteElo "2862"]
[BlackElo "2663"]
[Annotator "TA"]
[PlyCount "129"]
[EventDate "2021.01.16"]
[EventType "tourn"]
[EventCountry "NED"]
[SourceTitle "playchess.com"]
[Source "ChessBase"]
[SourceQuality "1"]

1. e4 c5 2. Nf3 d6 3. d4 cxd4 4. Nxd4 Nf6 5. Nc3 a6 6. Qd3 e6 7. a4 Nc6 8. Nxc6 bxc6 9. Qg3 Bb7 10. Be2 Be7 11. Bf4 e5 12. Be3 O-O 13. O-O Kh8 14. a5 Nd7 15. Rfd1 f5 16. exf5 d5 17. Na4 d4 18. Bd2 c5 19. Qh3 Bg5 20. Bxg5 Qxg5 21. Re1 Be4 22. Bd3 Bxf5 23. Bxf5 Rxf5 24. Nb6 Nxb6 25. axb6 h6 26. Qd3 Rb8 27. Rxa6 Rf6 28. g3 Rfxb6 29. Rxb6 Rxb6 30. f4 Qd8 31. Rxe5 Rxb2 32. Rxc5 Qa8 33. Kf2 Rb8 34. Qf3 Qa7 35. Qd5 Qa1 36. Qe5 Qb2 37. Rc6 Kh7 38. Rc7 Rg8 39. Kg2 Qb4 40. Qe4+ Kh8 41. Rd7 Qd2+ 42. Kh3 Qd1 43. Re7 Qh5+ 44. Kg2 Rc8 45. f5 Qd1 46. Re8+ Rxe8 47. Qxe8+ Kh7 48. Qe4 Kh8 49. Qe8+ Kh7 50. Qg6+ Kh8 51. f6 Qe2+ 52. Kh3 Qe6+ 53. Kh4 gxf6 54. Qxh6+ Kg8 55. Qg6+ Kf8 56. g4 Qe5 57. h3 Ke7 58. Qf5 Qe3 59. Kh5 Qxh3+ 60. Kg6 Kd6 61. Kxf6 Qe3 62. g5 Qe7+ 63. Kg6 Qe8+ 64. Kg7 Qe7+ 65. Kg8 1-0

[Event "85th Tata Steel Masters 2023"]
[Site "Wijk aan Zee"]
[Date "2023.01.24"]
[Round "9.1"]
[White "Keymer, Vincent"]
[Black "Abdusattorov, Nodirbek"]
[Result "1/2-1/2"]
[WhiteElo "2696"]
[BlackElo "2713"]
[Annotator "TA"]
[PlyCount "177"]
[EventDate "2023.01.10"]
[EventType "tourn"]
[EventCountry "NED"]
[SourceTitle "playchess.com"]
[Source "ChessBase"]
[SourceQuality "1"]

1. c4 c5 2. Nf3 Nf6 3. Nc3 Nc6 4. g3 e6 5. Bg2 d5 6. cxd5 exd5 7. d4 Be7 8. a3 c4 9. Bg5 O-O 10. e3 Bf5 11. Ne5 Nd7 12. Nxd7 Qxd7 13. h4 Be6 14. Bxe7 Nxe7 15. O-O Bh3 16. Bxh3 Qxh3 17. Re1 Qd7 18. h5 f5 19. a4 Rf6 20. b3 cxb3 21. Qxb3 Rh6 22. Qb5 Rd8 23. Qxd7 Rxd7 24. a5 Rxh5 25. Reb1 Rh6 26. Na4 Rc7 27. Rb5 Rhc6 28. Rab1 Rc1+ 29. Rxc1 Rxc1+ 30. Kg2 Rc7 31. Nc5 b6 32. axb6 axb6 33. Rxb6 Ra7 34. Rd6 g6 35. Nd3 Rb7 36. Kf3 Kf7 37. Ne5+ Kg7 38. Nd3 h6 39. Nf4 Rb5 40. Ne6+ Kf7 41. Nc5 Rb2 42. Nd3 Rb3 43. Ne5+ Kg7 44. Rd7 Kf6 45. Ra7 Rb2 46. g4 g5 47. Kg3 f4+ 48. exf4 gxf4+ 49. Kf3 Rd2 50. Ra6+ Kg7 51. Rb6 Rxd4 52. Rb7 Kf6 53. Rxe7 Re4 54. Rh7 Kxe5 55. Rxh6 Rb4 56. Rh5+ Kd4 57. Rh8 Ke5 58. Re8+ Kf6 59. Rf8+ Kg6 60. Rf5 d4 61. Rd5 Kf6 62. Ke4 d3+ 63. Kf3 Ke6 64. Rxd3 Ke5 65. Ra3 Rb5 66. Kg2 Kf6 67. Ra8 Rb3 68. Ra5 Kg6 69. Rf5 Ra3 70. f3 Ra4 71. Kh3 Rb4 72. Kh4 Ra4 73. Rf8 Kg7 74. Rf5 Kg6 75. Rg5+ Kh7 76. Rh5+ Kg6 77. g5 Ra1 78. Rh6+ Kf5 79. Rf6+ Ke5 80. Rb6 Rh1+ 81. Kg4 Rg1+ 82. Kh5 Rg3 83. Rb3 Kf5 84. Rb5+ Ke6 85. g6 Rxf3 86. g7 Rg3 87. Kh6 f3 88. Rb8 Rh3+ 89. Kg6 1/2-1/2

[Event "85th Tata Steel Challengers 2023"]
[Site "Wijk aan Zee"]
[Date "2023.01.24"]
[Round "9.1"]
[White "Donchenko, Alexander"]
[Black "L'Ami, Erwin"]
[Result "0-1"]
[WhiteElo "2627"]
[BlackElo "2627"]
[Annotator "TA"]
[PlyCount "114"]
[EventDate "2023.01.10"]
[EventType "tourn"]
[EventCountry "NED"]
[SourceTitle "playchess.com"]
[Source "ChessBase"]
[SourceQuality "1"]

1. d4 d5 2. c4 e6 3. Nc3 Nf6 4. cxd5 exd5 5. Bg5 c6 6. e3 Bf5 7. Qb3 Qb6 8. Bxf6 gxf6 9. Kd2 Nd7 10. Bd3 Bxd3 11. Kxd3 Rg8 12. g3 Qxb3 13. axb3 f5 14. Nf3 Nf6 15. Nh4 Ne4 16. Rhf1 Nd6 17. f3 Be7 18. Ng2 h5 19. Nf4 h4 20. Rg1 hxg3 21. Nce2 Kd7 22. Rxg3 Rh8 23. h3 Ne8 24. Kc2 Nc7 25. Rg7 Ke8 26. Rag1 Kf8 27. R7g2 Re8 28. Kd3 Bd8 29. Ng3 Bg5 30. Nge2 Bxf4 31. Nxf4 Ne6 32. Nxe6+ Rxe6 33. Rh2 f4 34. e4 dxe4+ 35. fxe4 Reh6 36. Rgh1 Rh4 37. Kc2 Ke7 38. Rf1 Rd8 39. Rhf2 Rxd4 40. Rxf4 Rh7 41. R1f3 c5 42. Rf5 b6 43. R5f4 Rd6 44. Kc3 Rdh6 45. b4 cxb4+ 46. Kxb4 Rh4 47. Kb5 Rxf4 48. Rxf4 Rxh3 49. Ka6 Rh2 50. Kxa7 Rxb2 51. Kb7 f6 52. Kc6 Ke6 53. Kc7 Rb5 54. Kc6 Rh5 55. Kxb6 Ke5 56. Rf1 Rh4 57. Rf5+ Ke6 0-1

[Event "84th Tata Steel Challengers 2022"]
[Site "Wijk aan Zee"]
[Date "2022.01.25"]
[Round "9.1"]
[White "Zhu, Jiner"]
[Black "Erigaisi Arjun"]
[Result "0-1"]
[WhiteElo "2478"]
[BlackElo "2629"]
[Annotator "TA"]
[PlyCount "104"]
[EventDate "2022.01.15"]
[EventType "tourn"]
[EventCountry "NED"]
[SourceTitle "playchess.com"]
[Source "ChessBase"]
[SourceQuality "1"]

1. e4 e5 2. Nf3 Nc6 3. Bb5 a6 4. Ba4 Bc5 5. c3 Nge7 6. d4 exd4 7. cxd4 Bb4+ 8. Bd2 Bxd2+ 9. Qxd2 d5 10. exd5 Qxd5 11. Nc3 Qe6+ 12. Kf1 Qc4+ 13. Kg1 Be6 14. Ne5 Qb4 15. a3 Qb6 16. Bxc6+ Nxc6 17. Nxc6 Qxc6 18. h4 O-O-O 19. h5 Bd5 20. f3 Qf6 21. Qf2 Bb3 22. Rh4 Rhe8 23. Rg4 Qh6 24. Re1 f5 25. Rh4 Bf7 26. Kh2 Bxh5 27. Rxe8 Rxe8 28. Qg3 Qg6 29. Qf4 Qf7 30. d5 Bg6 31. d6 Rd8 32. dxc7 Qxc7 33. Qxc7+ Kxc7 34. Ne2 Rd2 35. Nf4 Rxb2 36. Nxg6 hxg6 37. Rh7 Kb6 38. Rxg7 Ka5 39. Rxg6 Ka4 40. Rg5 f4 41. Rf5 Kxa3 42. Rxf4 b5 43. Kh3 b4 44. g4 b3 45. Rf5 Ra2 46. g5 b2 47. Rf6 a5 48. Rb6 Ra1 49. f4 b1=Q 50. Rxb1 Rxb1 51. g6 Rg1 52. f5 Rg5 0-1

[Event "Tata Steel Tienkampen 2023"]
[Site "Wijk aan Zee"]
[Date "2023.01.29"]
[Round "9.1"]
[White "Beukema, Stefan"]
[Black "Van der Werf, Mark"]
[Result "1-0"]
[WhiteElo "2411"]
[BlackElo "2412"]
[Annotator "TA"]
[PlyCount "81"]
[EventDate "2023.01.20"]
[EventType "swiss"]
[EventCountry "NED"]
[SourceTitle "playchess.com"]
[Source "ChessBase"]
[SourceQuality "1"]

1. f4 d5 2. Nf3 g6 3. g3 Bg7 4. Bg2 Nf6 5. d3 O-O 6. O-O Nc6 7. c3 Re8 8. Ne5 Nxe5 9. fxe5 Ng4 10. d4 f6 11. Qb3 c6 12. e4 Be6 13. h3 Nh6 14. Qxb7 dxe4 15. Qxc6 Bd5 16. Qa4 Nf5 17. c4 Bb7 18. d5 Nxg3 19. Re1 f5 20. Qb3 Qb6+ 21. Qxb6 axb6 22. Bf4 Nh5 23. Bh2 b5 24. cxb5 Bxd5 25. Nc3 e6 26. Red1 f4 27. Bxe4 Bxe4 28. Nxe4 Bxe5 29. a4 Bxb2 30. Ra2 Be5 31. a5 Reb8 32. Rb1 Ng3 33. Bxg3 fxg3 34. Kg2 Kf8 35. b6 Bd4 36. b7 Ra6 37. Rc2 Ke7 38. Rc7+ Kd8 39. Rbc1 Be5 40. Rf7 Ke8 41. Rxh7 1-0

[Event "84th Tata Steel Masters 2022"]
[Site "Wijk aan Zee"]
[Date "2022.01.25"]
[Round "9.2"]
[White "Rapport, Richard"]
[Black "Vidit, Santosh Gujrathi"]
[Result "1/2-1/2"]
[WhiteElo "2763"]
[BlackElo "2727"]
[Annotator "TA"]
[PlyCount "117"]
[EventDate "2022.01.15"]
[EventType "tourn"]
[EventCountry "NED"]
[SourceTitle "playchess.com"]
[Source "ChessBase"]
[SourceQuality "1"]

1. d4 Nf6 2. g3 d5 3. Bg2 c5 4. c4 cxd4 5. Nf3 dxc4 6. Qxd4 Bd7 7. O-O e6 8. Nc3 Nc6 9. Qxc4 Rc8 10. Qf4 h6 11. Nb5 Nb4 12. Rd1 Nbd5 13. Nd6+ Bxd6 14. Qxd6 Bb5 15. Qxd8+ Rxd8 16. Nd4 Ba6 17. Bd2 O-O 18. a4 Rd7 19. Nb5 Rfd8 20. Be1 b6 21. Rdc1 Ne7 22. e4 Ng4 23. Bc3 Nc6 24. Bf1 Nge5 25. Be2 Bb7 26. Rd1 a6 27. Rxd7 Rxd7 28. Rd1 Rxd1+ 29. Bxd1 axb5 30. axb5 Ne7 31. Bxe5 Bxe4 32. Be2 f6 33. Bd4 Nd5 34. f3 Bc2 35. Bc4 Kf7 36. Kf2 h5 37. Ke2 Ke8 38. Kd2 Bf5 39. Bxd5 exd5 40. Kc3 Bh3 41. Bxb6 Bf1 42. Kb4 g6 43. Bd4 f5 44. f4 Kd7 45. Kc5 Kc7 46. Bf6 Bg2 47. Be7 d4 48. Kxd4 Kd7 49. Bh4 Ke6 50. Kc5 Kd7 51. Bf6 Bf3 52. Kb6 Bg2 53. Ka7 Kc8 54. Bc3 Bf3 55. Ba5 Bg2 56. Bb6 Bf3 57. Ka6 Bb7+ 58. Ka7 Bf3 59. Ka6 1/2-1/2

[Event "82nd Tata Steel Masters 2020"]
[Site "Wijk aan Zee"]
[Date "2020.01.21"]
[Round "9.2"]
[White "Artemiev, Vladislav"]
[Black "Yu, Yangyi"]
[Result "1/2-1/2"]
[WhiteElo "2731"]
[BlackElo "2726"]
[Annotator "TA"]
[PlyCount "99"]
[EventDate "2020.01.11"]
[EventType "tourn"]
[EventCountry "NED"]
[SourceTitle "playchess.com"]
[Source "ChessBase"]
[SourceQuality "1"]

1. Nf3 d5 2. g3 g6 3. Bg2 Bg7 4. d4 Nf6 5. O-O O-O 6. c4 c5 7. dxc5 dxc4 8. Nc3 Nc6 9. Qa4 Qa5 10. Qxa5 Nxa5 11. Rd1 Bf5 12. Be3 Ng4 13. Bg5 Nc6 14. h3 Nge5 15. Nxe5 Bxe5 16. g4 Be6 17. Bxc6 bxc6 18. Bxe7 Rfe8 19. Bd6 Bg7 20. e4 f5 21. gxf5 gxf5 22. e5 Kf7 23. f4 Bh6 24. Rd4 Rg8+ 25. Kf2 Rg6 26. Rg1 Rxg1 27. Kxg1 Rd8 28. Kf2 Rd7 29. Ke3 Rb7 30. Rd2 Rb4 31. Rg2 Ke8 32. Rf2 Kf7 33. Kf3 Kg6 34. Kg3 Kf7 35. Rd2 Bc8 36. Bc7 Be6 37. Kf3 Bf8 38. a3 Rb7 39. Bd6 Bh6 40. Ke3 Kg6 41. Ne2 Rb3+ 42. Nc3 Rb7 43. Kf3 Kh5 44. h4 Kg6 45. a4 a6 46. a5 Kf7 47. Ke3 Ke8 48. Rg2 Kf7 49. Rc2 Ke8 50. Rg2 1/2-1/2

[Event "83rd Tata Steel Masters 2021"]
[Site "Wijk aan Zee"]
[Date "2021.01.26"]
[Round "9.2"]
[White "Tari, Aryan"]
[Black "Duda, Jan-Krzysztof"]
[Result "1/2-1/2"]
[WhiteElo "2625"]
[BlackElo "2743"]
[Annotator "TA"]
[PlyCount "64"]
[EventDate "2021.01.16"]
[EventType "tourn"]
[EventCountry "NED"]
[SourceTitle "playchess.com"]
[Source "ChessBase"]
[SourceQuality "1"]

1. e4 c5 2. Nf3 d6 3. Bb5+ Nd7 4. d4 cxd4 5. Nxd4 Ngf6 6. Bd3 Nc5 7. Nc3 a6 8. O-O g6 9. Nb3 Nxd3 10. cxd3 Bg7 11. a4 Bg4 12. f3 Qb6+ 13. d4 Be6 14. Ra3 O-O 15. Be3 Rab8 16. Re1 Bxb3 17. Rxb3 Qa5 18. Qd3 Rfc8 19. Bd2 Qc7 20. Rb4 e6 21. Rc1 d5 22. e5 Nd7 23. Ne2 Qd8 24. Rxc8 Qxc8 25. Rb3 Qc4 26. a5 b5 27. Nc1 Qxd3 28. Nxd3 Rc8 29. Nb4 Nb8 30. Rc3 Rc4 31. b3 Rxc3 32. Bxc3 Bf8 1/2-1/2

[Event "84th Tata Steel Challengers 2022"]
[Site "Wijk aan Zee"]
[Date "2022.01.25"]
[Round "9.2"]
[White "Nguyen, Thai Dai Van"]
[Black "Warmerdam, Max"]
[Result "1/2-1/2"]
[WhiteElo "2609"]
[BlackElo "2599"]
[Annotator "TA"]
[PlyCount "55"]
[EventDate "2022.01.15"]
[EventType "tourn"]
[EventCountry "NED"]
[SourceTitle "playchess.com"]
[Source "ChessBase"]
[SourceQuality "1"]

1. e4 c5 2. Nf3 d6 3. Bb5+ Nd7 4. d4 cxd4 5. Nxd4 Ngf6 6. O-O e6 7. c4 Be7 8. Nc3 O-O 9. Bxd7 Bxd7 10. Qd3 a6 11. h3 Rc8 12. b3 Qc7 13. Bb2 Rfd8 14. Rac1 Be8 15. f4 Qa5 16. a4 Nd7 17. Kh1 Bf6 18. Nce2 b5 19. cxb5 axb5 20. Bc3 Qa8 21. Nxb5 Nc5 22. Qe3 Bxb5 23. axb5 Qxe4 24. Qxe4 Nxe4 25. Bxf6 gxf6 26. Kg1 Rb8 27. Nd4 Rb7 28. Rc6 1/2-1/2

[Event "82nd Tata Steel Challengers 2020"]
[Site "Wijk aan Zee"]
[Date "2020.01.21"]
[Round "9.2"]
[White "L'Ami, Erwin"]
[Black "Mamedov, Rauf"]
[Result "1-0"]
[WhiteElo "2606"]
[BlackElo "2659"]
[Annotator "TA"]
[PlyCount "83"]
[EventDate "2020.01.11"]
[EventType "tourn"]
[EventCountry "NED"]
[SourceTitle "playchess.com"]
[Source "ChessBase"]
[SourceQuality "1"]

1. d4 Nf6 2. c4 g6 3. Nf3 Bg7 4. g3 O-O 5. Bg2 d6 6. O-O Nc6 7. Nc3 a6 8. Bf4 h6 9. Qc1 g5 10. Bd2 Bf5 11. d5 Na5 12. h4 Nxc4 13. hxg5 Nxd2 14. gxf6 Nxf3+ 15. Bxf3 Bxf6 16. Qxh6 Bg7 17. Qf4 e6 18. Kg2 Be5 19. Qh6 Qf6 20. Qxf6 Bxf6 21. Rac1 Rab8 22. Rfd1 Rfc8 23. b3 Kf8 24. Be4 Bxe4+ 25. Nxe4 Be7 26. f4 exd5 27. Rxd5 c6 28. Rh5 d5 29. Nf2 Ba3 30. Rch1 Re8 31. Kf3 Bb2 32. Ng4 Ke7 33. Nh6 Rh8 34. g4 a5 35. g5 a4 36. bxa4 Rhf8 37. Rb1 Bc3 38. e4 dxe4+ 39. Kxe4 Kd6 40. Rh3 Ba5 41. Kf5 Kc5 42. Rd3 1-0

[Event "85th Tata Steel Challengers 2023"]
[Site "Wijk aan Zee"]
[Date "2023.01.24"]
[Round "9.2"]
[White "Vaishali, Rameshbabu"]
[Black "Yilmaz, Mustafa"]
[Result "0-1"]
[WhiteElo "2425"]
[BlackElo "2609"]
[Annotator "TA"]
[PlyCount "68"]
[EventDate "2023.01.10"]
[EventType "tourn"]
[EventCountry "NED"]
[SourceTitle "playchess.com"]
[Source "ChessBase"]
[SourceQuality "1"]

1. e4 c5 2. Nf3 d6 3. d4 cxd4 4. Nxd4 Nf6 5. Nc3 a6 6. Bg5 Nbd7 7. Be3 Qc7 8. g4 h6 9. a4 e6 10. h4 h5 11. g5 Ng4 12. g6 Nde5 13. gxf7+ Qxf7 14. Qe2 Nxe3 15. fxe3 Bd7 16. O-O-O O-O-O 17. Bh3 Be7 18. Rdf1 Bf6 19. Rhg1 Qe7 20. Rf4 Kb8 21. Qe1 Rh6 22. Nce2 Ng6 23. Qb4 Rc8 24. Rxf6 gxf6 25. Qb3 Nxh4 26. Nxe6 Rg6 27. Rd1 Rg2 28. N2d4 Rg3 29. Bf1 Bxe6 30. Nxe6 Ng2 31. Bxa6 Nxe3 32. Rd3 Nxc2 33. Kd2 Na1 34. Qb6 Rc6 0-1

[Event "86th Tata Steel Tienkamp 2024"]
[Site "Wijk aan Zee"]
[Date "2024.01.28"]
[Round "9.2"]
[White "Niermann, Tristan"]
[Black "De Winter, Arthur"]
[Result "1/2-1/2"]
[WhiteElo "2413"]
[BlackElo "2409"]
[Annotator "TA"]
[PlyCount "160"]
[EventDate "2024.01.02"]
[EventType "tourn"]
[EventCountry "NED"]
[SourceTitle "playchess.com"]
[Source "ChessBase"]
[SourceQuality "1"]

1. Nf3 Nf6 2. g3 g6 3. b3 Bg7 4. Bb2 O-O 5. Bg2 d6 6. d4 c5 7. c4 d5 8. O-O dxc4 9. bxc4 cxd4 10. Nxd4 Nc6 11. Nxc6 bxc6 12. Bxc6 Bh3 13. Qxd8 Raxd8 14. Rc1 Rc8 15. Bf3 Rfd8 16. Na3 Ng4 17. Bxg7 Kxg7 18. c5 Ne5 19. Bb7 Rc7 20. c6 Nxc6 21. Ba6 Rd2 22. f3 Bc8 23. Bd3 Bf5 24. Nc4 Rxd3 25. exd3 Nb4 26. Ne5 Rxc1+ 27. Rxc1 Nxa2 28. Rc7 Kf6 29. d4 a5 30. Nc6 Nc3 31. Nxe7 Nb5 32. Rc5 Nxd4 33. Nxf5 Nxf3+ 34. Kf2 Ne5 35. Rxa5 Kxf5 36. Ke3 Kf6 37. Ke4 Ng4 38. Ra6+ Kg7 39. Ra2 Nf6+ 40. Ke5 Nd7+ 41. Kd6 Nf6 42. Ra4 Kg8 43. Rd4 Kf8 44. h3 h5 45. Ke5 Kg7 46. Rd6 Nh7 47. Kf4 Nf6 48. Rd8 Kh7 49. Rd6 Kg7 50. Rd4 Kh7 51. Ke5 Kg7 52. Rf4 Nd7+ 53. Kd6 Nf6 54. Rf3 Ng8 55. Rf1 Nf6 56. Rf4 Ng8 57. Ke5 Nh6 58. Rf1 Nf5 59. Rf3 Nh6 60. Rf4 Ng8 61. g4 hxg4 62. hxg4 g5 63. Rb4 Nh6 64. Re4 f6+ 65. Ke6 Kg6 66. Ke7 Kg7 67. Ke6 Kg6 68. Kd6 Kg7 69. Kd7 Kg6 70. Ke8 Kg7 71. Ra4 Kg6 72. Kf8 Nxg4 73. Rxg4 f5 74. Ra4 f4 75. Ra6+ Kf5 76. Kg7 f3 77. Rf6+ Ke4 78. Kg6 Ke3 79. Kxg5 f2 80. Rxf2 Kxf2 1/2-1/2

[Event "Tata Steel Tienkampen 2023"]
[Site "Wijk aan Zee"]
[Date "2023.01.29"]
[Round "9.2"]
[White "Van Dael, Siem"]
[Black "Pham, Khoi"]
[Result "0-1"]
[WhiteElo "2291"]
[BlackElo "2353"]
[Annotator "TA"]
[PlyCount "86"]
[EventDate "2023.01.20"]
[EventType "swiss"]
[EventCountry "NED"]
[SourceTitle "playchess.com"]
[Source "ChessBase"]
[SourceQuality "1"]

1. e4 c5 2. Nf3 d6 3. d4 cxd4 4. Nxd4 Nf6 5. Nc3 a6 6. Be3 e5 7. Nb3 Be7 8. f3 h5 9. Qd2 Nbd7 10. a4 Nf8 11. a5 Be6 12. Nd5 Bxd5 13. exd5 Ng6 14. O-O-O O-O 15. Kb1 Rc8 16. Be2 Qd7 17. Qb4 Bd8 18. c4 e4 19. fxe4 Re8 20. Bd4 Nxe4 21. Rhe1 Ne5 22. Bf1 f5 23. Rc1 Bf6 24. Red1 Kh8 25. Be2 Qf7 26. Rf1 Qg6 27. Rc2 Ng4 28. h3 Ne5 29. Rg1 f4 30. Rd1 Ng3 31. Bxe5 Bxe5 32. Bd3 Qf7 33. Nd2 Nf5 34. Nf1 Nd4 35. Rf2 Qc7 36. Qa4 b6 37. Bg6 b5 38. Qb4 Rf8 39. cxb5 Nxb5 40. Rc2 Qe7 41. Rxc8 Rxc8 42. Qe4 Qb7 43. Ka2 Bxb2 0-1

[Event "84th Tata Steel Masters 2022"]
[Site "Wijk aan Zee"]
[Date "2022.01.25"]
[Round "9.3"]
[White "Giri, Anish"]
[Black "Shankland, Sam"]
[Result "1-0"]
[WhiteElo "2772"]
[BlackElo "2708"]
[Annotator "TA"]
[PlyCount "67"]
[EventDate "2022.01.15"]
[EventType "tourn"]
[EventCountry "NED"]
[SourceTitle "playchess.com"]
[Source "ChessBase"]
[SourceQuality "1"]

1. Nf3 d5 2. g3 g6 3. Bg2 Bg7 4. O-O e5 5. d3 Nc6 6. e4 dxe4 7. dxe4 Qxd1 8. Rxd1 Bg4 9. c3 Nf6 10. Nbd2 O-O-O 11. Re1 Bh6 12. Nc4 Bxc1 13. Raxc1 Bxf3 14. Bxf3 Ne8 15. Rcd1 Nd6 16. Bg4+ Kb8 17. Nxd6 Rxd6 18. Rxd6 cxd6 19. Re3 Kc7 20. Rf3 Nd8 21. h4 d5 22. exd5 f5 23. Bh3 Kd6 24. c4 b6 25. g4 Nf7 26. gxf5 g5 27. Ra3 gxh4 28. Rxa7 Ng5 29. Kg2 Rc8 30. b3 b5 31. Ra6+ Kd7 32. f6+ Nxh3 33. Kxh3 bxc4 34. Rc6 1-0

[Event "82nd Tata Steel Masters 2020"]
[Site "Wijk aan Zee"]
[Date "2020.01.21"]
[Round "9.3"]
[White "Anand, Viswanathan"]
[Black "Dubov, Daniil"]
[Result "1/2-1/2"]
[WhiteElo "2758"]
[BlackElo "2683"]
[Annotator "TA"]
[PlyCount "37"]
[EventDate "2020.01.11"]
[EventType "tourn"]
[EventCountry "NED"]
[SourceTitle "playchess.com"]
[Source "ChessBase"]
[SourceQuality "1"]

1. e4 c5 2. Nf3 Nc6 3. Bb5 g6 4. O-O Bg7 5. c3 Nf6 6. Re1 O-O 7. d4 d5 8. e5 Ne4 9. Be3 Qb6 10. Bxc6 Qxc6 11. dxc5 Bg4 12. Nbd2 Nxd2 13. Bxd2 Qxc5 14. Be3 Qc6 15. h3 Bxf3 16. Qxf3 Qb5 17. Bd4 e6 18. a4 Qd7 19. a5 1/2-1/2

[Event "85th Tata Steel Masters 2023"]
[Site "Wijk aan Zee"]
[Date "2023.01.24"]
[Round "9.3"]
[White "Maghsoodloo, Parham"]
[Black "So, Wesley"]
[Result "1/2-1/2"]
[WhiteElo "2719"]
[BlackElo "2760"]
[Annotator "TA"]
[PlyCount "61"]
[EventDate "2023.01.10"]
[EventType "tourn"]
[EventCountry "NED"]
[SourceTitle "playchess.com"]
[Source "ChessBase"]
[SourceQuality "1"]

1. d4 Nf6 2. c4 e6 3. Nc3 Bb4 4. Nf3 O-O 5. a3 Bxc3+ 6. bxc3 c5 7. g3 Qa5 8. Bg2 cxd4 9. Qxd4 Nc6 10. Qd3 b6 11. O-O Ba6 12. Bg5 Rac8 13. Bxf6 gxf6 14. Nd2 Ne5 15. Qd4 Kg7 16. f4 Nc6 17. Bxc6 Rxc6 18. Ne4 Qf5 19. Rf3 h5 20. h3 d5 21. cxd5 exd5 22. Nf2 Bxe2 23. Re3 Qc2 24. Re1 Ba6 25. Qxd5 Rxc3 26. Qxh5 Rxe3 27. Qg4+ Kh6 28. Qh4+ Kg7 29. Qg4+ Kh6 30. Qh4+ Kg7 31. Qg4+ 1/2-1/2

[Event "85th Tata Steel Challengers 2023"]
[Site "Wijk aan Zee"]
[Date "2023.01.24"]
[Round "9.3"]
[White "Tabatabaei, M. Amin"]
[Black "Ivic, Velimir"]
[Result "1/2-1/2"]
[WhiteElo "2686"]
[BlackElo "2585"]
[Annotator "TA"]
[PlyCount "90"]
[EventDate "2023.01.10"]
[EventType "tourn"]
[EventCountry "NED"]
[SourceTitle "playchess.com"]
[Source "ChessBase"]
[SourceQuality "1"]

1. Nf3 Nf6 2. c4 c5 3. Nc3 e6 4. g3 d5 5. cxd5 exd5 6. d4 Nc6 7. a3 cxd4 8. Nxd4 Bc5 9. Be3 Bb6 10. Na4 Bxd4 11. Bxd4 O-O 12. Bg2 Bg4 13. h3 Bf5 14. O-O Ne4 15. e3 Re8 16. Rc1 Qd7 17. g4 Bg6 18. Nc3 Nxc3 19. Bxc3 Rad8 20. b4 a6 21. a4 b5 22. axb5 axb5 23. Qe2 Be4 24. Qxb5 Rb8 25. Qc5 Nd8 26. Rfd1 Ne6 27. Qc4 Qa4 28. Qf1 Rbc8 29. Be1 Bxg2 30. Qxg2 d4 31. Ra1 Qb3 32. Rab1 Qa3 33. Bd2 Qa2 34. exd4 Nxd4 35. b5 Rcd8 36. Bg5 f6 37. Be3 Nxb5 38. Qc6 Na3 39. Ra1 Rxd1+ 40. Rxd1 Qe6 41. Rd6 Qe4 42. Qxe4 Rxe4 43. Rd8+ Kf7 44. Rd7+ Kg8 45. Rd8+ Kf7 1/2-1/2

[Event "83rd Tata Steel Masters 2021"]
[Site "Wijk aan Zee"]
[Date "2021.01.26"]
[Round "9.3"]
[White "Van Foreest, Jorden"]
[Black "Donchenko, Alexander"]
[Result "1/2-1/2"]
[WhiteElo "2671"]
[BlackElo "2668"]
[Annotator "TA"]
[PlyCount "64"]
[EventDate "2021.01.16"]
[EventType "tourn"]
[EventCountry "NED"]
[SourceTitle "playchess.com"]
[Source "ChessBase"]
[SourceQuality "1"]

1. e4 e5 2. Nf3 Nc6 3. Bb5 a6 4. Ba4 Nf6 5. O-O Be7 6. d3 b5 7. Bb3 d6 8. a4 Bd7 9. h3 O-O 10. Nc3 Na5 11. Ba2 b4 12. Ne2 c5 13. Ng3 Rb8 14. Nd2 Qc8 15. Nc4 Nxc4 16. Bxc4 Be6 17. a5 g6 18. Bg5 Bxc4 19. dxc4 Qe6 20. Qd3 Rfd8 21. b3 Nh5 22. Be3 Nxg3 23. fxg3 h5 24. Qe2 Kg7 25. Rf2 Rh8 26. Raf1 Rbf8 27. Qd3 f6 28. Bd2 Rf7 29. Be3 Rhf8 30. Qd2 Rh8 31. Qd3 Rhf8 32. Qd2 Rh8 1/2-1/2